000 00808nam a2200217Ia 4500
003 GCL
008 140319s9999 xx 000 0 ara d
020 _a2011437977
040 _aGCL /
_cGCL
082 0 4 _a792.015
_bك م
100 1 _aمحمد عنانى
245 1 0 _aالمراة والحركة النسائية فى الدراما فى عصر الاصلاح /
_cمحمد عنانى
700 1 _aسحر فراج
700 1 _aكينسى، كاثرين م .
260 _aالقاهرة :
_bوزارة الثقافة - مهرجان القاهرة الدولى للمسرح التجريبى ،
_c2006
300 _a231 ص ؛
_c24 سم
650 0 4 _aالمرأة فى الحياة العامة
650 0 4 _aالفنون المسرحية
650 0 4 _aالمرأة فى الفن
942 _2ddc
_cBK
999 _c9103
_d9103